The sources of modern architecture and design / (Record no. 10021)
[ view plain ]
| 000 -LEADER | |
|---|---|
| fixed length control field | 00828nam a2200253 a 4500 |
| 001 - CONTROL NUMBER | |
| JCCL Control Number | 10021 |
| 003 - CONTROL NUMBER IDENTIFIER | |
| JCCL marc code | BD - JhCC |
| 005 - DATE AND TIME OF LATEST TRANSACTION | |
| control field | 20180404124921.0 |
| 008 - FIXED-LENGTH DATA ELEMENTS--GENERAL INFORMATION | |
| fixed length control field | 180404s1968 enkae b 000 0 eng d |
| 035 ## - SYSTEM CONTROL NUMBER | |
| system control number | OCLC ocm00339698 from D960723M |
| -- | (BD - JhCC)10021 |
| 040 ## - CATALOGING SOURCE | |
| Original cataloging agency | DLC |
| Transcribing agency | DLC |
| Modifying agency | UKM |
| -- | EQO |
| -- | BD - JhCC |
| 041 ## - LANGUAGE CODE | |
| Language code of Book | eng |
| 050 #0 - LIBRARY OF CONGRESS CALL NUMBER | |
| Classification number | NA645 |
| Item number | .P376 1968b |
| 082 ## - DEWEY DECIMAL CLASSIFICATION NUMBER | |
| Classification number | 724 |
| Author mark and Year | PEV 1968 |
| 100 1# - MAIN ENTRY--PERSONAL NAME | |
| Personal name | Pevsner, Nikolaus, |
| Dates associated with a name | 1902-1983. |
| 245 14 - TITLE STATEMENT | |
| Title | The sources of modern architecture and design / |
| Statement of responsibility, etc | Nikolaus Pevsner |
| 260 ## - PUBLICATION, DISTRIBUTION, ETC. (IMPRINT) | |
| Place of publication, distribution, etc | London : |
| Name of publisher, distributor, etc | Thames & Hudson, |
| Date of publication, distribution, etc | 1968. |
| 300 ## - PHYSICAL DESCRIPTION | |
| Pagination | 216 p. : |
| Other physical details | ill. (incl. 15 col.), plans ; |
| Dimensions | 22 cm |
| 504 ## - BIBLIOGRAPHY, ETC. NOTE | |
| Bibliography, etc | Bibliography: p. 214 |
| 650 #0 - SUBJECT ADDED ENTRY--TOPICAL TERM | |
| Topical term or geographic name as entry element | Architecture, Modern |
| Chronological subdivision | 19th century |
| General subdivision | History |
| 650 #0 - SUBJECT ADDED ENTRY--TOPICAL TERM | |
| Topical term or geographic name as entry element | Architecture, Modern |
| Chronological subdivision | 20th century |
| General subdivision | History |
| Form subdivision | Sources |
| 942 ## - ADDED ENTRY ELEMENTS (KOHA) | |
| Source of classification or shelving scheme | Dewey Decimal Classification |
| Koha item type | Reference |
| Source of classification or shelving scheme | Damaged status | Not for loan | Home library | Current library | Shelving location | Date of accession | Total Checkouts | Full call number | Barcode | Date last seen | Copy number | Koha item type |
|---|---|---|---|---|---|---|---|---|---|---|---|---|
| Dewey Decimal Classification | JCC Rouf Library | JCC Rouf Library | General Stacks | 04/04/2018 | 724 PEV 1968 | 13438 | 04/04/2018 | C-1 | Reference |